Summer Olympics - Medalists in Equestrian - Statistics

General Stats
  • This quiz has been taken 70 times
  • The average score is 23 of 31
Answer Stats
Olympic Teams % Correct
France
95%
United States
93%
Netherlands
92%
Australia
90%
Canada
90%
Spain
90%
Germany
88%
Belgium
86%
Switzerland
85%
Austria
83%
Italy
83%
Sweden
83%
New Zealand
81%
Argentina
80%
Great Britain
80%
Brazil
78%
Denmark
75%
Portugal
75%
Japan
73%
Norway
73%
Poland
73%
Ireland
71%
Mexico
71%
Hungary
63%
Soviet Union
61%
Chile
54%
West Germany
49%
Czechoslovakia
47%
Romania
42%
Bulgaria
34%
Saudi Arabia
29%
No matching quizzes found
Score Distribution
Percent of People with Each Score
Percentile by Number Answered
Your Score History
You have not taken this quiz